|
|
|
|
| LEADER |
01370nam a2200373 a 4500 |
| 001 |
EBC849000 |
| 003 |
MiAaPQ |
| 005 |
20200520144314.0 |
| 006 |
m o d | |
| 007 |
cr cn||||||||| |
| 008 |
120327s2010 enkac sb 001 0 eng d |
| 020 |
|
|
|z 9781905246885
|
| 020 |
|
|
|a 9789004212947 (electronic bk.)
|
| 035 |
|
|
|a (MiAaPQ)EBC849000
|
| 035 |
|
|
|a (Au-PeEL)EBL849000
|
| 035 |
|
|
|a (CaPaEBR)ebr10538385
|
| 035 |
|
|
|a (CaONFJC)MIL255790
|
| 035 |
|
|
|a (OCoLC)775302048
|
| 040 |
|
|
|a MiAaPQ
|c MiAaPQ
|d MiAaPQ
|
| 043 |
|
|
|a a-ja---
|
| 050 |
|
4 |
|a HE891
|b .D38 2010
|
| 100 |
1 |
|
|a Davies, Peter N.
|
| 245 |
1 |
0 |
|a Japanese shipping and shipbuilding in the twentieth century
|h [electronic resource] :
|b the writings of Peter N. Davies.
|
| 260 |
|
|
|a Folkestone, England :
|b Global Oriental,
|c 2010.
|
| 300 |
|
|
|a xxii, 194 p. :
|b ill., port.
|
| 490 |
1 |
|
|a The writings of ;
|v v. 2
|
| 504 |
|
|
|a Includes bibliographical references and index.
|
| 533 |
|
|
|a Electronic reproduction. Ann Arbor, MI : ProQuest, 2015. Available via World Wide Web. Access may be limited to ProQuest affiliated libraries.
|
| 650 |
|
0 |
|a Shipping
|z Japan.
|
| 650 |
|
0 |
|a Shipbuilding
|z Japan.
|
| 655 |
|
4 |
|a Electronic books.
|
| 710 |
2 |
|
|a ProQuest (Firm)
|
| 830 |
|
0 |
|a Writings of ;
|v v. 2.
|
| 856 |
4 |
0 |
|u https://ebookcentral.proquest.com/lib/matrademy/detail.action?docID=849000
|z Click to View
|